[Event "Caqueta Florencia op 5th"]
[Site "Florencia"]
[Date "2018.12.03"]
[Round "6"]
[White "Saldana, Ramiro"]
[Black "Cardona Rodriguez, Oscar"]
[Result "0-1"]
[WhiteElo "1652"]
[BlackElo "1839"]
[PlyCount "62"]
[EventDate "2018.11.30"]
[EventType "swiss"]
[EventRounds "7"]
[EventCountry "COL"]
[SourceTitle "EXT 2020"]
[Source "ChessBase"]
[SourceDate "2019.10.17"]
[SourceVersion "1"]
[SourceVersionDate "2019.10.17"]
[SourceQuality "1"]

1. e4 c5 2. Nc3 d6 3. d3 Nf6 4. h3 e6 5. f4 Be7 6. Nf3 Nc6 7. Ne2 h6 8. Be3 Qb6 9. Rb1 Bd7 10. c3 Qc7 11. g3 e5 12. f5 d5 13. Nd2 d4 14. cxd4 Nxd4 15. Nxd4 exd4 16. Bf2 Bd6 17. Qf3 Qa5 18. a3 0-0 19. Bg2 Bc6 20. Qd1 Qc7 21. g4 Bg3 22. 0-0 Rae8 23. Rc1 Bxf2+ 24. Rxf2 b6 25. b4 Bb7 26. bxc5 bxc5 27. Nf3 Ba8 28. Rcc2 Nd7 29. Qd2 Qd8 30. h4 Ne5 31. Nxe5 Rxe5 0-1

[Event "Caqueta Florencia op"]
[Site "Caqueta"]
[Date "2016.12.03"]
[Round "5"]
[White "Cardona Rodriguez, Oscar"]
[Black "Perez, Juan Sebastian"]
[Result "1-0"]
[WhiteElo "1600"]
[BlackElo "1476"]
[PlyCount "56"]
[EventDate "2016.12.01"]
[EventType "swiss"]
[EventRounds "6"]
[EventCountry "COL"]
[SourceTitle "CBM 176 Extra"]
[Source "ChessBase"]
[SourceDate "2017.03.02"]
[SourceVersion "1"]
[SourceVersionDate "2017.03.02"]
[SourceQuality "1"]

1. Nf3 Nc6 2. e3 Nf6 3. d4 d5 4. Bb5 e6 5. Ne5 Bd7 6. Nxc6 Bxc6 7. Bxc6+ bxc6 8. 0-0 Bb4 9. c3 Ba5 10. b4 Bb6 11. Nd2 0-0 12. Nf3 a5 13. Ne5 Qe8 14. Ba3 axb4 15. Bxb4 Ba5 16. Bxf8 Qxf8 17. Qc2 Qd6 18. c4 dxc4 19. Nxc4 Qd5 20. Nxa5 Rxa5 21. Rfc1 Ra6 22. Qc4 Ra7 23. Qxd5 cxd5 24. a4 Ne4 25. a5 Nd2 26. Rc2 Nb3 27. Ra3 Rxa5 28. Rxa5 Nxa5 1-0

[Event "Caqueta Florencia op"]
[Site "Caqueta"]
[Date "2016.12.02"]
[Round "2"]
[White "Valle, Efrain"]
[Black "Cardona Rodriguez, Oscar"]
[Result "1-0"]
[WhiteElo "2121"]
[BlackElo "1600"]
[PlyCount "45"]
[EventDate "2016.12.01"]
[EventType "swiss"]
[EventRounds "6"]
[EventCountry "COL"]
[SourceTitle "CBM 176 Extra"]
[Source "ChessBase"]
[SourceDate "2017.03.02"]
[SourceVersion "1"]
[SourceVersionDate "2017.03.02"]
[SourceQuality "1"]

1. Nf3 Nf6 2. g3 c5 3. Bg2 e6 4. d3 Be7 5. 0-0 Qc7 6. Bf4 d6 7. Nc3 a6 8. e4 Nc6 9. Re1 e5 10. Bg5 Be6 11. Qd2 Nd7 12. Nd5 Bxd5 13. exd5 Nb4 14. Bxe7 Kxe7 15. Nh4 a5 16. a3 Na6 17. Qg5+ Ke8 18. Nf5 Nb6 19. Nxg7+ Kf8 20. Qf6 Qe7 21. Qh6 Kg8 22. Nf5 Qf8 23. Qg5+ 1-0

[Event "Caqueta Florencia op"]
[Site "Caqueta"]
[Date "2016.12.01"]
[Round "1"]
[White "Cardona Rodriguez, Oscar"]
[Black "Martinez Nanez, Santiago"]
[Result "1-0"]
[WhiteElo "1600"]
[BlackElo "1345"]
[PlyCount "47"]
[EventDate "2016.12.01"]
[EventType "swiss"]
[EventRounds "6"]
[EventCountry "COL"]
[SourceTitle "CBM 176 Extra"]
[Source "ChessBase"]
[SourceDate "2017.03.02"]
[SourceVersion "1"]
[SourceVersionDate "2017.03.02"]
[SourceQuality "1"]

1. Nf3 d5 2. e3 Nf6 3. d4 e6 4. c4 Be7 5. Nc3 Nbd7 6. Bd3 b6 7. e4 dxe4 8. Nxe4 Bb7 9. Nxf6+ Bxf6 10. Be3 0-0 11. Qc2 h6 12. 0-0-0 Rc8 13. Kb1 Qe7 14. Nd2 c5 15. Ne4 cxd4 16. Nxf6+ Qxf6 17. Bh7+ Kh8 18. Rxd4 Bxg2 19. Rg1 Bd5 20. Rdg4 Ne5 21. Rxg7 Nxc4 22. Bg8 Qxg7 23. Rxg7 Kxg7 24. Qh7+ 1-0